Statistics for one directon songs acronyms

Click here to take the quiz!

General Stats

  • This quiz has been taken 1,483 times
  • The average score is 22 of 34

Answer Stats

HintAnswer% Correct
WMYBwhat makes you beautiful
99%
KYkiss you
94%
LWWYlive while we're young
92%
GBYgotta be you
91%
LTlittle things
88%
IWi want
85%
IWi wish
84%
UANup all night
81%
IWi would
80%
CCc'mon c'mon
78%
Mmoments
75%
MTTmore than this
73%
Ttaken
71%
LFKlast first kiss
68%
OAover again
67%
TDKAUthey dont know about us
67%
RMrock me
61%
SMsame mistakes
61%
EAYeverything about you
60%
HAheart attack
60%
BFYback for you
57%
SYTsave you tonight
57%
CMMchange my mind
54%
TMALtell me a lie
54%
SLsummer love
53%
SMHstole my heart
52%
LYFloved you first
47%
SUstand up
46%
NCnobody compares
43%
Iirresistible
42%
Mmagic
40%
STOstill the one
38%
SNAshes not afraid
35%
TMDtruly madly deeply
32%

Score Distribution

Percentile by Number Answered

Percent of People with Each Score

Your Score History

You have not taken this quiz